Mind maps for business : (Record no. 26206)

MARC details
000 -LEADER
fixed length control field 01126cam a22003015a 4500
001 - CONTROL NUMBER
control field 17899338
005 - DATE AND TIME OF LATEST TRANSACTION
control field 20201128024245.0
008 - FIXED-LENGTH DATA ELEMENTS--GENERAL INFORMATION
fixed length control field 130926t2014 enka fr 001 0 eng d
020 ## - INTERNATIONAL STANDARD BOOK NUMBER
International Standard Book Number 9780273784357
040 ## - CATALOGING SOURCE
Original cataloging agency DLC
Language of cataloging eng
Transcribing agency DLC
Modifying agency DLC
-- EG-ScBUE
082 04 - DEWEY DECIMAL CLASSIFICATION NUMBER
Edition number 22
Classification number 658.40019
Item number BUZ
100 1# - MAIN ENTRY--PERSONAL NAME
Personal name Buzan, Tony.
9 (RLIN) 6670
245 10 - TITLE STATEMENT
Title Mind maps for business :
Remainder of title using the ultimate thinking tool to revolutionise how you work /
Statement of responsibility, etc Tony Buzan ; editor Chris Griffiths and James Harrison.
250 ## - EDITION STATEMENT
Edition statement 2nd ed.
260 ## - PUBLICATION, DISTRIBUTION, ETC. (IMPRINT)
Place of publication, distribution, etc Harlow :
Name of publisher, distributor, etc Pearson Education Limited,
Date of publication, distribution, etc c.2014.
300 ## - PHYSICAL DESCRIPTION
Extent xxvi, 270 p. :
Other physical details ill. ;
Dimensions 24 cm.
500 ## - GENERAL NOTE
General note Revised edition of the author's Mind maps for business : revolutionise your business thinking and practice, published in 2010.
500 ## - GENERAL NOTE
General note Includes index.
650 #7 - SUBJECT ADDED ENTRY--TOPICAL TERM
Topical term or geographic name as entry element Success in business.
Source of heading or term BUEsh
9 (RLIN) 1390
650 #7 - SUBJECT ADDED ENTRY--TOPICAL TERM
Topical term or geographic name as entry element Intellect.
Source of heading or term BUEsh
9 (RLIN) 804
650 #7 - SUBJECT ADDED ENTRY--TOPICAL TERM
Topical term or geographic name as entry element Brain.
Source of heading or term BUEsh
9 (RLIN) 808
650 #7 - SUBJECT ADDED ENTRY--TOPICAL TERM
Topical term or geographic name as entry element Thought and thinking.
Source of heading or term BUEsh
9 (RLIN) 737
651 ## - SUBJECT ADDED ENTRY--GEOGRAPHIC NAME
Source of heading or term BUEsh
653 ## - INDEX TERM--UNCONTROLLED
Resource For college Generalities
-- BAEPS, Business Administration
Arrived date list February2018
700 1# - ADDED ENTRY--PERSONAL NAME
Personal name Griffiths, Chris,
Relator term editor.
700 1# - ADDED ENTRY--PERSONAL NAME
Personal name Harrison, James,
Dates associated with a name 1954-
Relator term editor.
942 ## - ADDED ENTRY ELEMENTS (KOHA)
Source of classification or shelving scheme Dewey Decimal Classification
Holdings
Withdrawn status Item status Source of classification or shelving scheme Damaged status Not for loan Vendor Home library Current library Shelving location Date acquired Source of acquisition Cost, normal purchase price Serial Enumeration / chronology Total Checkouts Full call number Barcode Date last seen Cost, replacement price Koha item type
    Dewey Decimal Classification     Baccah Central Library Central Library First floor 28/02/2018 Purchase 160.00 21201   658.40019 BUZ 000047309 15/07/2025 200.00 Book - Borrowing